| 000 | 00940nam a22001697a 4500 | ||
|---|---|---|---|
| 008 | 110712s1987 le|||||r|||| 000 0 ara d | ||
| 082 |
_222 _a330.947 _bد و ل |
||
| 245 |
_aالدولارات النفطية : _bوالتطور الاقتصادي-الاجتماعي لبلدان الشرقين الأدنى والأوسط / _cترجمة هشام الدجاني؛ أكاديمية العلوم في الاتحاد السوفيتي |
||
| 260 |
_aبيروت : _bدار الفارابي، 1987 _c1987 |
||
| 300 |
_a261 ص ؛ _c24 سم |
||
| 504 | _aيشتمل على إرجاعات ببليوجرافية ص 259-261 | ||
| 651 |
_926280 _aأوربا الشرقية _xالأحوال الاقتصادية |
||
| 653 |
_bEco _cJuly2011 |
||
| 700 |
_926279 _aالدجاني، هشام |
||
| 942 |
_2ddc _cBB |
||
| 999 |
_c15684 _d15684 |
||